Statistics for Biggest Cities in Quebec

Click here to take the quiz!

General Stats

  • This quiz has been taken 196 times
  • The average score is 9 of 20

Answer Stats

PopulationCity% Correct
1,649,519Montreal
99%
516,622Quebec City
98%
401,553Laval
78%
154,601Sherbrooke
69%
131,338Trois-Rivieres
69%
265,349Gatineau
67%
144,746Saguenay
60%
231,409Longueuil
52%
71,852Drummondville
49%
138,769Levis
40%
63,433Granby
33%
92,394St-Jean-sur-Richelieu
31%
79,273Brossard
30%
106,322Terrebonne
29%
68,456St-Jerome
28%
50,060Shawinigan
27%
53,236St-Hyacinthe
25%
53,510Blainville
23%
82,000Repentigny
23%
49,637Dollard-des-Ormeaux
6%

Score Distribution

Percentile by Number Answered

Percent of People with Each Score

Your Score History

You have not taken this quiz